Corporate finance foundations / (Record no. 20011)
[ view plain ]
| 000 -LEADER | |
|---|---|
| fixed length control field | 01085cam a22003015a 4500 |
| 001 - CONTROL NUMBER | |
| control field | 016635442 |
| 003 - CONTROL NUMBER IDENTIFIER | |
| control field | OSt |
| 005 - DATE AND TIME OF LATEST TRANSACTION | |
| control field | 20201128021354.0 |
| 008 - FIXED-LENGTH DATA ELEMENTS--GENERAL INFORMATION | |
| fixed length control field | 140217t2014 enka frbd 001 0 eng d |
| 020 ## - INTERNATIONAL STANDARD BOOK NUMBER | |
| International Standard Book Number | 9780077161194 (paperback) |
| 020 ## - INTERNATIONAL STANDARD BOOK NUMBER | |
| International Standard Book Number | 007716119X (paperback) |
| 040 ## - CATALOGING SOURCE | |
| Original cataloging agency | StDuBDS |
| Language of cataloging | eng |
| Transcribing agency | StDuBDS |
| Modifying agency | Uk |
| -- | EG-ScBUE |
| -- | EG-ScBUE |
| 082 04 - DEWEY DECIMAL CLASSIFICATION NUMBER | |
| Classification number | 658.15 |
| Item number | BLO |
| Edition number | 22 |
| 100 1# - MAIN ENTRY--PERSONAL NAME | |
| Personal name | Block, Stanley B. |
| 9 (RLIN) | 38452 |
| 245 10 - TITLE STATEMENT | |
| Title | Corporate finance foundations / |
| Statement of responsibility, etc | Stanley B. Block, Geoffrey A. Hirt, Bartley R. Danielsen. |
| 250 ## - EDITION STATEMENT | |
| Edition statement | 15th ed., Global ed. |
| 260 ## - PUBLICATION, DISTRIBUTION, ETC. (IMPRINT) | |
| Place of publication, distribution, etc | Berkshire : |
| Name of publisher, distributor, etc | McGraw Hill Education, |
| Date of publication, distribution, etc | c.2014. |
| 300 ## - PHYSICAL DESCRIPTION | |
| Extent | 1 v. (various pagings) : |
| Other physical details | ill. (col.) ; |
| Dimensions | 26 cm. |
| 490 0# - SERIES STATEMENT | |
| Series statement | McGraw-Hill/Irwin series in finance, insurance, and real estate |
| 500 ## - GENERAL NOTE | |
| General note | Includes glossary. |
| 504 ## - BIBLIOGRAPHY, ETC. NOTE | |
| Bibliography, etc | Includes bibliographical references and index. |
| 650 #7 - SUBJECT ADDED ENTRY--TOPICAL TERM | |
| Topical term or geographic name as entry element | Corporations |
| General subdivision | Finance. |
| Source of heading or term | BUEsh |
| 9 (RLIN) | 2321 |
| 651 ## - SUBJECT ADDED ENTRY--GEOGRAPHIC NAME | |
| Source of heading or term | BUEsh |
| 653 ## - INDEX TERM--UNCONTROLLED | |
| Resource For college | BAEPS, Business Administration |
| Arrived date list | June2015 |
| -- | September2015 |
| -- | February2016 |
| 700 1# - ADDED ENTRY--PERSONAL NAME | |
| Personal name | Hirt, Geoffrey A. |
| 9 (RLIN) | 18365 |
| 700 1# - ADDED ENTRY--PERSONAL NAME | |
| Personal name | Danielsen, Bartley R. |
| 942 ## - ADDED ENTRY ELEMENTS (KOHA) | |
| Source of classification or shelving scheme | Dewey Decimal Classification |
| Call number prefix | 658.15 BLO |
| Withdrawn status | Lost status | Source of classification or shelving scheme | Damaged status | Not for loan | Koha collection | Home library | Current library | Shelving location | Date acquired | Source of acquisition | Cost, normal purchase price | Serial Enumeration / chronology | Total Checkouts | Full call number | Barcode | Date last seen | Date last borrowed | Cost, replacement price | Koha item type |
|---|---|---|---|---|---|---|---|---|---|---|---|---|---|---|---|---|---|---|---|
| Dewey Decimal Classification | Alahram | Central Library | Central Library | First floor | 28/06/2015 | Purchase | 299.00 | 339 | 2 | 658.15 BLO | 000039061 | 15/07/2025 | 25/09/2016 | 373.75 | Book - Borrowing | ||||
| Dewey Decimal Classification | Academic Bookshop | Central Library | Central Library | First floor | 25/02/2016 | Purchase | 330.00 | 4875 | 658.15 BLO | 000031703 | 15/07/2025 | 412.50 | Book - Borrowing |